000
00249nam a2200109Ia 4500
008
190216s9999||||xx |||||||||||||| ||und||
100
_a
Mayor
245
0
_a
Laboratory Sasya Physiology
260
_b
Bhasha Institute
650
_a
Botany
942
_c
BK
999
_c
39634
_d
39634